Don Miguel José de Zañartu y Santa María
保存先:
| 第一著者: | |
|---|---|
| フォーマット: | 図書 |
| 言語: | スペイン語 |
| 出版事項: |
Santiago
Universidad de Chile
1944
|
| 版: | 3a. ed |
| 主題: | |
| タグ: |
タグ追加
タグなし, このレコードへの初めてのタグを付けませんか!
|
MARC
| LEADER | 00000nam a2200000 a 4500 | ||
|---|---|---|---|
| 001 | UCJ5076 | ||
| 003 | CL-VaPUC | ||
| 008 | 070124e19440000CL |||||||||||||||||spa|d | ||
| 082 | 0 | 4 | |a 983 |b AMU |2 21 |
| 100 | 0 | |a Amunátegui Solar, Domingo |e author |9 444723 | |
| 245 | 1 | 0 | |a Don Miguel José de Zañartu y Santa María |
| 250 | |a 3a. ed | ||
| 300 | |a 172 p | ||
| 942 | |c BK | ||
| 945 | |d 20070124 00:00:00 |a rinostro | ||
| 260 | |a Santiago |b Universidad de Chile |c 1944 | ||
| 500 | |a Front., retrato de Don Miguel José de Zañartu y Santa María | ||
| 600 | 0 | 7 | |a ZAÑARTU Y SANTA MARIA, MIGUEL JOSE DE |2 CL-VaPUC |9 509836 |
| 650 | 7 | |a BIOGRAFIA |2 CL-VaPUC |9 504622 | |
| 650 | 0 | |a Iconografía |9 267998 | |
| 650 | 7 | |a REVOLUCION DE LA INDEPENDENCIA |2 CL-VaPUC |9 316035 | |
| 650 | 0 | |a Historia de Chile |9 265473 | |
| 583 | |a last modification |c 20070124 00:00:00 |k Rodrigo Vera | ||
| 999 | |c 321189 |d 321187 | ||
| 952 | |0 0 |1 0 |4 0 |6 983_000000000000000_AMU_1944 |7 0 |8 X |9 399875 |a FDOBUD |b FDOBUD |d 2019-11-22 |i 1029711 |o 983 AMU 1944 |p 1029711 |r 2019-11-22 |w 2019-11-22 |y BK_X |k BUD | ||